000 00905nmc a2200313 a 4500
003 AR-BaBNM
005 20251128203908.0
008 011101s1993 ||||||||||||||000 | spa||
020 _a950-12-2092-3
040 _cAR-BaBNM
100 1 _aColl, César
245 1 0 _aAprendizaje escolar y construcción del conocimiento
260 _aBuenos Aires
_bPaidós
_c1993
300 0 _a206 p.
490 0 _aPaidós educador
_vv. 92
500 0 _aPrólogo por Hilda Weissmann
504 _aContiene bibliografía al final de cada capítulo
650 4 _aPSICOLOGIA DE LA EDUCACION
650 4 _aAPRENDIZAJE ESCOLAR
650 4 _aSOLUCION DE PROBLEMAS
650 4 _aROL DEL DOCENTE
650 4 _aPROCESO COGNOSCITIVO
650 4 _aCURRICULO
650 4 _aINTERACCION SOCIAL
653 0 _aPSICOPEDAGOGIA
653 0 _aESTRATEGIAS DIDACTICAS
653 0 _aAPRENDIZAJE SIGNIFICATIVO
942 _cBK
999 _c5376
_d5376